00393nam a2200121 4500100002800000245005100028260005200079300000900131650001700140942000800157999001500165952009100180 aRanathunga,K G S U9506 aProduction of Ethanol from Waste Coconut Water aRajagiriyabInstitute of Chemistry Ceylonc2013 a45 P aCoconut9507 cDES c5107d5107 0010708NFICaICbICcGENd2025-05-31l0pD0163r2025-05-31 12:39:08w2025-05-31yDIS